000 00393nam a22001577a 4500
003 OSt
008 250110b |||||||| |||| 00| 0 eng d
041 _aeng
082 _a624.1517
_bKAN/SU
100 _aKanetkar, TP
_96856
245 _aSurveying and Levelling 1
260 _aPune:
_bPune Vidyarthi Griha Prakashan,
_c1985.
300 _a640p.
700 _aKulkarni, SV
_96916
942 _cBK
999 _c19007
_d19007